Serviço público, interesses privados (Registo nº 1506)

Detalhes MARC
000 -Etiqueta do registo
Cabeçalho 00756nam0a2200253 4500
005 - Identificador da versão
Campo de controlo 20240813121838.0
010 ## - Número internacional normalizado dos livros (ISBN)
Número (ISBN) 9728579845
021 ## - Número do Depósito Legal
Código do país PT
Número 188657/02
100 ## - Dados gerais de processamento
Dados gerais de processamento 20150608d2003 m y0pory5003 ba
102 ## - Pais de publicação ou produção
País de publicação Portugal
101 0# - Língua de publicação
Língua do texto, banda sonora, etc. Português
215 ## - Descrição física 
Indicação específica da natureza do documento e extensão da espécie 259 p.
200 1# - Titulo e menção de responsabilidade
Título próprio Serviço público, interesses privados
Informação de outro título o que está em causa na polémica da RTP
Primeira menção de responsabilidade António-Pedro Vasconcelos
205 ## - Menção da edição
Menção da edição 1ª ed
210 ## - Publicação, Distribuição, etc. 
Lugar da edição, distribuição, etc. Lisboa
Nome do editor, distribuidor, etc. Oficina do Livro
Data da publicação, distribuição, etc. 2003
606 ## - Nome comum usado como assunto
Número de registo de entrada de autoridade 0002273
Palavra de ordem Serviços públicos
Código do sistema CA
675 ## - Classificação Decimal Universal (CDU)
Notação 659.3(469)
Edição 3ª ed.
Língua da edição por
Notação 35.08(469)
Edição 3ª ed.
Língua da edição por
700 #1 - Nome de autor-pessoa física (responsabilidade principal)
Número de registo de entrada de autoridade 0002270
Palavra de ordem Vasconcelos
Outra parte do nome não tomada para palavra de ordem António Pedro
Datas 1939-
966 ## - Identificação da Biblioteca
Sigla EB2,3ENM
942 ## - Elementos de entrada adicionados (Koha)
Tipo de item no Koha Livro
Exemplares
Situação do levantamento Origin of item (home branch) (coded) Biblioteca de empréstimo Código de barras Cota Circulation type (not for loan) Tipo de documento Nota do exemplar Damaged status
  Biblioteca Escolar Eng. Nuno Mergulhão Biblioteca Escolar Eng. Nuno Mergulhão BENM3546 35 VAS   Livro Sem mensagem